Rhymes With One Syllable Capital Cities - Statistics

General Stats
  • This quiz has been taken 171 times
    170 since last reset
  • The average score is 39 of 54
Answer Stats
Hint Answer % Correct
L Learn
98%
B Burn
97%
F Fern
97%
T Turn
97%
E Earn
96%
H Home
96%
D Dome
95%
U Urn
95%
Y Yearn
95%
R Roam
92%
F Foam
91%
H Hole
89%
P Pole
89%
B Bowl
88%
M Mole
88%
S Stern
86%
R Role
85%
C Churn
84%
G Goal
84%
S Sole
84%
S Soul
84%
T Toll
84%
D Dole
82%
R Roll
81%
F Foal
80%
C Coal
79%
S Stole
78%
T Tern
72%
W Whole
71%
T Troll
70%
G Gnome
69%
C Chrome
68%
C Comb
68%
P Poll
65%
D Dog
59%
F Frog
59%
H Hog
59%
L Log
59%
S Shoal
59%
S Spurn
59%
F Fog
58%
J Jog
57%
B Blog
56%
B Bog
56%
C Cog
55%
F Flog
55%
C Clog
54%
S Stroll
54%
S Slog
53%
G Grog
52%
K Knoll
47%
S Smog
47%
S Scroll
35%
K Kohl
22%
No matching quizzes found
Score Distribution
Percent of People with Each Score
Percentile by Number Answered
Your Score History
You have not taken this quiz since the last reset